00755nam a22002297a 450000500170000001000130001702000100003003500130004003700160005304000120006908200160008110000280009724500500012526000400017527000610021530000270027665000290030365000240033294200250035699900190038195201250040020170124110201.0 aB-024166 c99.00 aB-024166 bCen Lib/Ret aDPLbEN a005.43bNEL aNellaikannan, C.936389 aOS, PC software and DTP /cby C. Nellaikannan aTamilnadubNels publications c1995 bTamilnadua137, Bharathiar street Tirulveli towne627006 a267p.:c21cm(Hb)bill. aComputer science 936390 aPC software 936391 2ddccENh005.43mNEL c132936d132936 00104070aLbLd2015-07-24eCen Lib/Retg99.00l0o005.43 NELpB-024166r2015-07-24 00:00:00t1v99.00w2015-07-24yEN